| 000 | 01201aab a2200205 i 4500 | ||
|---|---|---|---|
| 001 | 768714001 | ||
| 003 | CO-MdFUSB | ||
| 005 | 20250305105624.0 | ||
| 008 | 170812s1988 cr ||||| |||| 00| 0 spa d | ||
| 040 |
_aCO-MdFUSB _bspa _cCO-MdFUSB _dCO-MdFUSB |
||
| 041 | _aspa | ||
| 100 | 1 |
_aPalau, Luis _eautor |
|
| 245 | 1 | 0 |
_aRenovación diaria _c/ Luis Palau |
| 300 |
_aVolumen 1. Número 7 (1988), páginas 138-143 _c: 28 cm. |
||
| 520 | _aLuis Palau comparte su visión de la vida cristiana victoriosa, destacando que, más allá de la salvación, Dios quiere que vivamos con gozo y renovación diaria en Cristo. La verdadera renovación no proviene de cambios superficiales en nuestras circunstancias, sino de la obra de Cristo en nosotros. A través de las decisiones diarias de seguir la voluntad de Dios, aunque con dificultades, experimentamos la vida de Jesús fluyendo en nosotros. La clave es morir a nuestra propia voluntad para que Su vida se manifieste en nosotros, y al hacer esto, seremos usados para Su gloria. | ||
| 650 | 0 |
_aVida cristiana _919 |
|
| 773 | 0 |
_tConquista Cristiana _049446 _960346 _gVolumen 1. Número 7 (1988), páginas 138-143 _qPágina 138 |
|
| 942 | _cANA | ||
| 945 | _aJTF-925 | ||
| 999 |
_c50383 _d50383 |
||